000 00401nam a2200181Ia 4500
008 220531s9999 xx 000 0 und d
041 _aeng
082 _bSHY
100 _aShyam Lal
_946629
245 _aTribal Leadership
250 _a1ST
260 _bRawat
_c2004
300 _a260
542 _d03-07-2004
650 _aSociology
_946630
906 _d2004-2005
999 _c27430
_d27430